000 00719nam a2200289Ia 4500
005 20260324125154.0
008 008 260324s9999 xx 000 0 eng d
020 _a9780203865729
037 _aEBOOK
040 _aCRL
040 _beng
040 _cCRL
041 _2eng
041 _aeng
084 _qCRL
100 _aBanji Oyelaran-Oyeyinka; Padmashree Gehl Sampath
_91176970
245 0 _aLatecomer Development
245 0 _bInnovation and Knowledge for Economic Growth
260 _bTaylor and Francis
260 _c2009
365 _a
365 _b280
856 _uhttp://www.taylorfrancis.com/books/9780203865729
942 _cEBOOK
999 _c1771991
_d1771991